| 000 | 00692nam a22001697a 4500 | ||
|---|---|---|---|
| 003 | MACL | ||
| 005 | 20160507163139.0 | ||
| 008 | 160507b xxu||||| |||| 00| 0 eng d | ||
| 040 | _cMACL | ||
| 041 | _aHindi | ||
| 082 | _a330 | ||
| 100 |
_aदूबे, राजदेव _949698 |
||
| 245 |
_aकौटिल्य - अर्थशास्त्र में प्रतिपादित रसायन, धातू एवं धातु - कर्म : एक विमर्श _cराजदेव दूबे |
||
| 260 |
_aवाराणसी _bकला प्रकाशन _c2010 |
||
| 650 |
_aअर्थ शास्त्र _936349 |
||
| 942 |
_2ddc _cHIN |
||
| 999 |
_c53926 _d53926 |
||